000 00582nam a2200181 a 4500
003 BD-DhJNU
005 20250714090602.0
008 250501s1964 ii a b 001 0 eng
040 _aBD-DhJNU
_bENG
_cBD-DhJNU
_dBD-DhJNU
082 0 0 _a321.80943 ROI
_223
100 1 _aRosenberg, Arthur
245 1 0 _aImperial Germany :
_bthe birth of the German Republic, 1871-1918 /
_cArthur Rosenberg
260 _aBoston :
_bBeacon Press,
_c1964.
300 _aviii, 286 p. :
_bill. ;
_c21 cm.
504 _aIncludes bibliographical references and index.
650 0 _aGermany History
942 _cBK
999 _c1889
_d1889